000
00229nam a2200097Ia 4500
008
240331s9999 xx 000 0 und d
082
_b
DEL
100
_a
De Lenarol,N
245
0
_a
Dasa raja puwatha :
_b
500 B.C.1200 A.D.
942
_c
L
999
_c
2667
_d
2667